LEADER 01003nam0-22003491--450- 001 990009452330403321 005 20111017110513.0 010 $a88-08-14124-1 035 $a000945233 035 $aFED01000945233 035 $a(Aleph)000945233FED01 035 $a000945233 100 $a20111017d1993----km-y0itay50------ba 101 1 $aita$ceng 102 $aIT 105 $aa-------001yy 200 1 $aGravità e spazio-tempo$fJohn A. Wheeler 210 $aBologna$cZanichelli$d1993 215 $a262 p.$cill.$d24 cm 225 1 $aNuovi classici della scienza$v17 454 0$12001$a<>journey into gravity and spacetime$913780 610 0 $aSpazio-tempo 610 0 $aGravità 676 $a531.14$v20$zita 700 1$aWheeler,$bJohn Archibald$f<1911- >$040349 801 0$aIT$bUNINA$gRICA$2UNIMARC 901 $aBK 912 $a990009452330403321 952 $a60 531.14 B 1$b13469$fFAGBC 959 $aFAGBC 996 $aJourney into gravity and spacetime$913780 997 $aUNINA LEADER 05360nam 22007455 450 001 9910484388103321 005 20251113200328.0 010 $a3-030-54727-2 024 7 $a10.1007/978-3-030-54727-1 035 $a(CKB)4100000011739042 035 $a(DE-He213)978-3-030-54727-1 035 $a(MiAaPQ)EBC6462430 035 $a(PPN)253254876 035 $a(EXLCZ)994100000011739042 100 $a20210123d2021 u| 0 101 0 $aeng 135 $aurnn|008mamaa 181 $ctxt$2rdacontent 182 $cc$2rdamedia 183 $acr$2rdacarrier 200 10$a50 Years of Bat Research $eFoundations and New Frontiers /$fedited by Burton K. Lim, M. Brock Fenton, R. Mark Brigham, Shahroukh Mistry, Allen Kurta, Erin H. Gillam, Amy Russell, Jorge Ortega 205 $a1st ed. 2021. 210 1$aCham :$cSpringer International Publishing :$cImprint: Springer,$d2021. 215 $a1 online resource (XIII, 374 p. 63 illus., 52 illus. in color.) 225 1 $aFascinating Life Sciences,$x2509-6753 311 08$a3-030-54726-4 327 $aChapter 1. Introduction and implementation of harp traps signal a new era in bat research -- Chapter 2. Bats as Hosts of Important Unicellular Endoparasites -- Chapter 3. A global review of phylogeographic studies on bats -- Chapter 4. All the Better to Eat You With: The Legacy of James S. Findley?s Phenetic Approach to Bat Biology -- Chapter 5. Fur, wings, and flowers: development and progress on nectarivorous bat research in the last 50 years -- Chapter 6. The Winter Worries of Bats: Past and Present Perspectives on Winter Habitat and Management of Cave Hibernating Bats -- Chapter 7. Integrating physiological and behavioral traits with ontogeny, phylogenetic history, and survival and fitness to understand heterothermy in bats -- Chapter 8. Molecular biology in the evolution of bats: a historical perspective -- Chapter 9. Molecular biology in the evolution of bats: a historical perspective -- Chapter 10. The evolution of acoustic methods for the study of bats -- Chapter 11. Bats, Bat Flies, and Fungi: Exploring Uncharted Waters -- Chapter 12. Bats and the Ecological and Evolutionary Consequences of Resource Spatio-temporal Predictability (STP) -- Chapter 13. There and Back Again: Homing in Bats Revisited -- Chapter 14. A NASBR history of radiotelemetry?how technology has contributed to advances in bat biology -- Chapter 15. Bats Flying at High Altitudes -- Chapter 16. Contributions of Women and Creating a Culture of Inclusivity at the North American Society for Bat Research -- Chapter 17. Pioneers of bat habitat and resource selection -- Chapter 18. NASBR Origins 1970-2020: From an Informal Gathering to a Scientific Society -- Chapter 19. The Importance of Water Availability to Bats: Climate Warming and Increasing Global Aridity -- Chapter 20. Bats as reservoirs of viral zoonoses -- Chapter 21. Bats in temperate forests: where are the trends in bat populations? -- Chapter 22. How noise affects bats and what it reveals about their biosonar systems. 330 $aWith more than 1,400 species, bats are an incredibly diverse and successful group of mammals that can serve as model systems for many unique evolutionary adaptations. Flight has allowed them to master the sky, while echolocation enables them to navigate in the dark. Being small, secretive, nocturnal creatures has made bats a challenge to study, but over the past 50 years, innovative research has made it possible to dispel some of the mystery and myth surrounding them to give us a better understanding of the role these animals play in the ecosystem. The structure of the book is based on several broad themes across the biological sciences, including the evolution of bats, their ecology and behavior, and conservation of biodiversity. Within these themes are more specific topics on important aspects of bat research, such as morphology, molecular biology, echolocation, taxonomy, systematics, threats to bats, social structure, reproduction, movements, and feeding strategies. Given its scope, the book will appeal to the wider scientific community, environmental organizations, and government policymakers who are interested in the interdisciplinary aspects of biology and nature. 410 0$aFascinating Life Sciences,$x2509-6753 606 $aZoology 606 $aAnimal migration 606 $aBiodiversity 606 $aConservation biology 606 $aEcology 606 $aPhysiology 606 $aGenetics 606 $aZoology 606 $aAnimal Migration 606 $aBiodiversity 606 $aConservation Biology 606 $aAnimal Physiology 606 $aGenetics and Genomics 615 0$aZoology. 615 0$aAnimal migration. 615 0$aBiodiversity. 615 0$aConservation biology. 615 0$aEcology. 615 0$aPhysiology. 615 0$aGenetics. 615 14$aZoology. 615 24$aAnimal Migration. 615 24$aBiodiversity. 615 24$aConservation Biology. 615 24$aAnimal Physiology. 615 24$aGenetics and Genomics. 676 $a599.4 676 $a599.4 702 $aLim$b Burton K. 801 0$bMiAaPQ 801 1$bMiAaPQ 801 2$bMiAaPQ 906 $aBOOK 912 $a9910484388103321 996 $a50 years of bat research$92804372 997 $aUNINA LEADER 02161nas 22004332 450 001 9910894930103321 005 20260218112223.0 011 0 $a2413-2764 024 7 $a10.1787/24132764 035 $a(CKB)3800000000057267 035 $a(FR-PaOEC)24132764 035 $a(DE-599)ZDB2918833-7 035 $a(NjHacI)993800000000057267 035 $a(DE-599)2918833-7 035 $a(EXLCZ)993800000000057267 100 $a20180201a20159999 sf | 101 0 $aeng 135 $aur||||||||n|| 181 $ctxt$2rdacontent 182 $cc$2rdamedia 183 $acr$2rdacarrier 200 14$aThe Measurement of Scientific, Technological and Innovation Activities /$fOrganisation for Economic Co-operation and Development 210 $aParis $cOECD Publishing 210 1$aParis :$cOECD Publishing,$d2015. 215 $a1 online resource 311 08$a2413-2756 330 3 $aThis series presents internationally-agreed methodological guidelines and proposals for the collection, reporting and use of data and indicators on science, technology and innovation (STI). This series of statistical manuals is popularly known as the ?Frascati family? of manuals, by reference to the Italian town where the first of these manuals was agreed in 1962 by the OECD Working Party of National Experts on Science and Technology Indicators. Manuals in this series, comprising other topics such as the measurement of inventions, innovation activities or STI-related human resources, are periodically revised to take into account new challenges and developments in respective areas. The scope of the series will also continually expand in line with developments in the field. 606 $aScience and Technology 606 $aEconomic history$xForecasting 606 $aEconomic history$xData processing 615 4$aScience and Technology. 615 0$aEconomic history$xForecasting. 615 0$aEconomic history$xData processing. 676 $a330.94771005 801 0$bFR-PaOEC 906 $aJOURNAL 912 $a9910894930103321 996 $aThe Measurement of Scientific, Technological and Innovation Activities$94230187 997 $aUNINA